| 000 | 00406nam a22001337a 4500 | ||
|---|---|---|---|
| 082 |
_a629.13634 _bWTT _cDonation |
||
| 100 |
_aM.W. Witczak _944447 |
||
| 245 | _aAsphalt pavements performance at Baltimore-Washington International Airport | ||
| 260 |
_aMaryland _bThe Asphalt Institute _c1972 |
||
| 300 |
_aIllus _b91 |
||
| 526 |
_a0 _b0 _c0 _d629_136340000000000_WTT |
||
| 650 |
_aMCE _9379 |
||
| 942 |
_2ddc _cBK |
||
| 999 |
_c548231 _d548231 |
||